000 nam a22 a 4500
999 _c3584
_d3584
003 AKMAL
005 20170523114351.0
008 170523s2005 nyua e 001 0deng d
020 _a0071453393 :
_cRM87.90
020 _a9780071453394
082 0 0 _a658.4092 WOO
_222
090 0 0 _a658.4092
_bWOO
100 1 _aWooden, John R.
_97118
245 1 0 _aWooden on leadership /
_cJohn Wooden and Steve Jamison
246 3 0 _aWooden
260 _aNew York :
_bMcGraw-Hill,
_c2005
300 _axvi, 302p. :
_bill. ;
_c24cm.
500 _aIncludes index
650 0 _aLeadership
_9120
650 0 _aManagement
_91462
700 1 _aJamison, Steve
_97119
942 _2ddc
_cBOOK